| 000 | 00000nam##2200000za#4500 |
| 001 | 9.541363 |
| 003 | CaOODSP |
| 005 | 20210615085653 |
| 007 | ta |
| 008 | 150406|2007||||xxc||||| f|0| 0 fre|d |
| 022 | |a0706-6457 |
| 040 | |aCaOODSP|bfre |
| 041 | |aeng |
| 041 | |afre |
| 043 | |an-cn--- |
| 086 | 1 |aFs97-6/2750 |
| 110 | 1 |aCanada. |bMinistère des pêches et des océans. |
| 245 | 10|aRésultats des expériences de pêche comparative d'août 2004 et 2005 dans le nord du golfe du Saint-Laurent, entre le NGCC Alfred Needler et le NGCC Teleost / |c[par] Hugo Bourdages ... [et al.] |
| 260 | |aMont-Joli - Québec : |bPêches et Océans Canada |c2007. |
| 300 | |aTexte français, x, 57p. : |bgraphiques, références, tableaux ; |c28 cm. |
| 490 | 1 |aRapport technique canadien des sciences halieutiques et aquatiques|x0706-6457|v2750 |
| 500 | |a«Direction régionale des sciences, Pêches et Oceans Canada, Maurice Lamontagne Institute, 850 route de la mer, Mont-Joli (Québec), Canada G5H 3Z4». |
| 520 | 3 |aCe rapport fait partie d’une série de rapports contenant des renseignements scientifiques et techniques qui constituent une contribution aux connaissances scientifiques actuelles, mais qui ne sont pas normalement appropriés pour la publication dans un journal scientifique. La recherche porte sur des sujets tels que les modèles d’écosystème, les méthodes de mise en valeur de l’aquaculture, le matériel de pêche commerciale, et les menaces environnementales à la qualité des milieux aquatiques et des ressources halieutiques. Comprend des tableaux, des figures et des graphiques. |
| 563 | |aCouverture souple |
| 590 | |a07-46|b2007-11-16 |
| 691 | 07|aExpérimentation|2gcpds |
| 691 | 07|aPêcheries|2gcpds |
| 720 | 1 |aBourdages, Hugo |
| 776 | 0#|tResults from the August 2004 and 2005 comparative fishing experiments in the northern Gulf of St. Lawrence between the CGS Alfred Needler and the CCGS Teleost / |w(CaOODSP)9.588189 |
| 791 | |tResults from the August 2004 and 2005 comparative fishing experiments in the northern Gulf of St. Lawrence between the CCGS Alfred Needler and the CCGS Teleost / |eeng|w(CaOODSP)9.541362 |
| 830 | #0|aRapport technique canadien des sciences halieutiques et aquatiques,|x0706-6457|v2750|w(CaOODSP)9.514690 |